[Event "SVK-ch U10"]
[Site "Liptovsky Mikulas"]
[Date "2007.04.23"]
[Round "2"]
[White "Nemeckay, Lukas"]
[Black "Kantor, Gergo"]
[Result "1/2-1/2"]
[WhiteElo "1350"]
[BlackElo "1350"]
[PlyCount "62"]
[EventDate "2007.04.22"]
[EventType "swiss"]
[EventRounds "9"]
[EventCountry "SVK"]
[SourceTitle "EXT 2008"]
[Source "ChessBase"]
[SourceDate "2007.11.25"]
[SourceVersion "1"]
[SourceVersionDate "2007.11.25"]
[SourceQuality "1"]

1. e4 d5 2. exd5 Qxd5 3. Nc3 Qe6+ 4. Be2 Nc6 5. d4 Bd7 6. d5 Qd6 7. dxc6 Qxd1+ 8. Bxd1 Bxc6 9. Nf3 0-0-0 10. 0-0 Nf6 11. Bf4 e6 12. Ne5 Rd4 13. Bg3 Be4 14. Nxe4 Nxe4 15. Nxf7 Rg8 16. Bg4 Kd7 17. Ne5+ Ke7 18. Rad1 Rxd1 19. Rxd1 Kf6 20. Re1 Nxg3 21. hxg3 Bd6 22. Nd7+ Ke7 23. Ne5 Kf6 24. Nf3 g6 25. Rxe6+ Kf7 26. Ng5+ Kg7 27. Nf3 h5 28. Bxh5 gxh5 29. Re4 b5 30. Rh4 Kh6 31. Re4 Rg6 1/2-1/2